| 000 | 01004nmc a2200325 a 4500 | ||
|---|---|---|---|
| 003 | AR-BaBNM | ||
| 005 | 20251128210937.0 | ||
| 008 | 171120s1986 ||||||||||||||000 | spa|| | ||
| 020 | _a9977-63-022-4 | ||
| 040 | _cAR-BaBNM | ||
| 100 | 1 | _aMalavassi Calvo, Federico | |
| 245 | 1 | 0 | _aLa libertad de enseñanza y la creación de la Universidad Autónoma de Centro América |
| 260 |
_aSan José _bUniversidad Autónoma de Centro América _c1986 |
||
| 300 | 0 | _a505 p. | |
| 490 | 0 | _aDécimo Aniversario | |
| 500 | 0 | _aContiene referencias bibliográficas | |
| 600 | 0 | 4 |
_aTomás de Aquino _d1225?-1274 |
| 610 | 2 | 4 | _aUniversidad de Bolonia |
| 610 | 2 | 4 | _aUniversidad de París |
| 650 | 4 | _aUNIVERSIDADES | |
| 650 | 4 | _aPLANIFICACION DE LA UNIVERSIDAD | |
| 650 | 4 | _aUNIVERSIDADES PRIVADAS | |
| 650 | 4 | _aESTADO Y EDUCACION | |
| 651 | 4 | _aCosta Rica | |
| 651 | 4 | _aAmérica Central | |
| 653 | 0 | _aHISTORIA DE LA UNIVERSIDAD | |
| 653 | 0 | _aAUTONOMIA UNIVERSITARIA | |
| 942 | _cBK | ||
| 998 | _cRAQUEL | ||
| 999 |
_c17570 _d17570 |
||